000 00687nam a22002537a 4500
003 UA-OsUOA
001 116465
007 ta
008 20160316b un ||||| |||| 00| 0 ukr d
090 _a821.161.2
_bХ73
942 _cBK
040 _aUA-OsUOA
_bukr
_cUA-OsUOA
_dUA-OsUOA
245 _aХолодний Яр
_bчасопис
_cВ. Коваленко
300 _a319 с.
955 _a3
041 _aukr
080 _a821.161.2
020 _a978-966-493-818-8
591 _aБейкер О.
260 _aЧеркаси
_bЮ.Чабаненко
_c2013
250 _n№ 3
650 7 _a82 Література. Літературознавство
_2UDC
999 _c402356
_d402356